|
|
|
|
| LEADER |
00000cam a2200000 7i4500 |
| 001 |
0000039758 |
| 005 |
20151222.0 |
| 008 |
140105 |
| 020 |
|
|
|a 9675246487
|
| 090 |
0 |
0 |
|a JF
|b JAW (1503)
|
| 245 |
0 |
0 |
|a Si burung kecil (3)
|
| 260 |
|
|
|a Selangor :
|b Penerbitan Al -Ramadhan ,
|c 2013
|
| 440 |
|
0 |
|a Siri cerdik bestari (3)
|
| 500 |
|
|
|a Children ages 7-9 years old (orange)
|
| 650 |
|
0 |
|a Jawi
|
| 999 |
|
|
|a 0001260304
|b Book
|c Children Collection
|e Cawangan Pontian
|
| 999 |
|
|
|a 0001260306
|b Book
|c Children Collection
|e Cawangan AEON Kulaijaya
|
| 999 |
|
|
|a 0001260309
|b Book
|c Children Collection
|e Cawangan Urban Transformation Centre
|
| 999 |
|
|
|a 0001260310
|b Book
|c Children Collection
|e Cawangan Bandar Penawar
|
| 999 |
|
|
|a 0001260313
|b Book
|c Children Collection
|e Cawangan Tangkak
|
| 999 |
|
|
|a 0001260314
|b Book
|c Children Collection
|e Cawangan Mersing
|
| 999 |
|
|
|a 0001260315
|b Book
|c Children Collection
|e Cawangan Bukit Gambir
|
| 999 |
|
|
|a 0001260316
|b Book
|c Children Collection
|e Cawangan Tmn. Ungku Tun Aminah
|
| 999 |
|
|
|a 0001261900
|b Book
|c Children Collection
|e Cawangan Urban Transformation Centre
|
| 999 |
|
|
|a 0001261901
|b Book
|c Children Collection
|e Cawangan Urban Transformation Centre
|
| 999 |
|
|
|a 0001261902
|b Book
|c Children Collection
|e Cawangan Urban Transformation Centre
|